MARC

LEADER 00000nas a2200000 a 4500
001 ssj0000941640
003 WaSeSS
005 20200512172242.0
006 m d
007 cr n
008 120809c20119999it uu ss 0 0ita c
010 |a  2013256045 
022 |a 2239-3978  |l 2239-3978 
035 |a (WaSeSS)ssj0000941640 
040 |a AU@  |b eng  |e pn  |c AU@  |d OCLCO  |d RBN  |d OCLCF  |d OCLCA  |d CUS  |d OCL  |d OCLCQ  |d OCLCA  |d VT2  |d WaSeSS 
041 0 |a ita  |a eng 
042 |a pcc 
043 |a e-it---  |a e-ie--- 
050 1 4 |a PB1306 
210 0 |a Studi irlandesi 
222 0 |a Studi irlandesi 
245 0 0 |a Studi irlandesi  |h [electronic resource]. 
246 3 |a Journal of Irish studies 
260 |a [Florence] :  |b Firenze University Press 
362 1 |a Began with: Vol. 1, no. 1 (2011). 
506 |a License restrictions may limit access. 
546 |a Italian or English. 
588 |a Description based on: Vol. 1, no. 1 (2011); title from table of contents page, viewed June 25, 2013. 
588 |a Latest issue consulted: Vol. 2, no. 2 (2012), viewed June 25, 2013. 
650 0 |a Irish literature  |v Periodicals. 
650 7 |a International relations.  |2 fast  |0 (OCoLC)fst00977053 
650 7 |a Irish literature.  |2 fast  |0 (OCoLC)fst00979030 
650 7 |a Manners and customs.  |2 fast  |0 (OCoLC)fst01007815 
651 0 |a Ireland  |x Relations  |z Italy  |v Periodicals. 
651 0 |a Ireland  |x Social life and customs  |v Periodicals. 
651 7 |a Ireland.  |2 fast  |0 (OCoLC)fst01205427 
651 7 |a Italy.  |2 fast  |0 (OCoLC)fst01204565 
655 0 |a Electronic journals. 
710 2 |a Università di Firenze. 
856 4 0 |z Full text available from Research Library: 01/01/2011 to present  |u https://search.proquest.com/publication/2028924